LIBRARY & INFORMATION CENTRE, KCAET, TAVANUR

ONLINE PUBLIC ACCESS CATALOGUE (OPAC)

Agricultural markets and transport network / (Record no. 13264)

MARC details
000 -LEADER
fixed length control field 00469cam a2200169ua 4500
041 ## - LANGUAGE CODE
Language code of text/sound track or separate title eng
082 ## - DEWEY DECIMAL CLASSIFICATION NUMBER
Classification number 630.33
Item number SRI/AG
100 ## - MAIN ENTRY--AUTHOR NAME
Personal name Srivastava, Rajnish Chandra .
245 ## - TITLE STATEMENT
Title Agricultural markets and transport network /
260 ## - PUBLICATION, DISTRIBUTION, ETC. (IMPRINT)
Place of publication New Delhi :
Name of publisher Rawat Publications ,
Year of publication 2006.
300 ## - PHYSICAL DESCRIPTION
Number of Pages 364 ;
Accompanying material CD.
942 ## - ADDED ENTRY ELEMENTS (KOHA)
Koha item type Books
Holdings
Withdrawn status Lost status Damaged status Home library Current library Date acquired Full call number Accession Number Koha item type
      KAUAET KAUAET 07/04/2012 630.33 21725 Books
free website counter